| 000 -CABECERA |
| fixed length control field |
01236nam a22002177a 4500 |
| 003 - IDENTIFICADOR DEL NÚMERO DE CONTROL |
| control field |
AR-CdUCM |
| 008 - DATOS DE LONGITUD FIJA--INFORMACIÓN GENERAL |
| fixed length control field |
190408b ||||| |||| 00| 0 spa d |
| 040 ## - FUENTE DE LA CATALOGACIÓN |
| Agencia/entidad que catalogó originalmente la obra |
MUNICIPALIDAD PROVINCIAL DEL CUSCO |
| Entidad que transcribió la catalogación |
BIBLIOTECA MUNICIPAL DEL CUSCO |
| 082 ## - NÚMERO DE LA CLASIFICACIÓN DECIMAL DEWEY |
| No. de Clasificación |
540 / |
| Notacion interna |
L31 / 1798 |
| 100 ## - ENTRADA PRINCIPAL--NOMBRE DE PERSONA |
| Nombre Personal |
Lavoisier. |
| 245 ## - MENCIÓN DE TÍTULO |
| Título |
Tratado elemental de química / |
| 260 ## - PUBLICACIÓN, DISTRIBUCIÓN, ETC. |
| Lugar de publicación, distribución, etc. |
Madri : |
| Nombre de la editorial, distribuidor, etc. |
Imprenta Real, |
| Fecha de publicación, distribución, etc. |
1798. |
| 300 ## - DESCRIPCIÓN FÍSICA |
| Nº de Páginas Extensión |
2 Tomos ; |
| Dimensiones |
19 cm. |
| 505 ## - NOTA DE CONTENIDO CON FORMATO |
| Nota de contenido formateada |
Contenido : t.1 : De la formación de fluidos aeriformes, y de su descomposición -- De las combinaciones del calórico, y de las formación de los fluidos elásticos aeriformes -- Ideas generales sobre la formación y constitución de atmósfera -- Nomenclatura de las diferentes partes constitutivas del ayre de la atmósfera -- t.2 : Descripción de los aparatos y de las operaciones manuales de la química -- De los instrumentos propios para determinar el peso absoluto y especifico de los cuerpos sólidos y líquidos -- Del gasometro -- De algunos otros medios de medir el volumen de los gases... |
| 650 ## - PUNTO DE ACCESO ADICIONAL DE MATERIA--TÉRMINO DE MATERIA |
| Descriptor |
Quimica |
| 9 (RLIN) |
4512 |
| 650 ## - PUNTO DE ACCESO ADICIONAL DE MATERIA--TÉRMINO DE MATERIA |
| Descriptor |
Gases nobles |
| 9 (RLIN) |
30042 |
| 650 ## - PUNTO DE ACCESO ADICIONAL DE MATERIA--TÉRMINO DE MATERIA |
| Descriptor |
Atmosfera |
| 9 (RLIN) |
26110 |
| 650 ## - PUNTO DE ACCESO ADICIONAL DE MATERIA--TÉRMINO DE MATERIA |
| Descriptor |
Nomenclatura de acidos |
| 9 (RLIN) |
30043 |
| 942 ## - ELEMENTOS DE PUNTO DE ACCESO ADICIONAL (KOHA) |
| Fuente de clasificación |
|
| Tipo de item |
Libros-BMC |
| 945 ## - PROCESAMIENTO DE INFORMACIÓN LOCAL (OCLC) |
| Catalogador |
wnts |
| AAAA-MM-DD - Fecha de ingreso o modificacion |
201-04-08 |